| 000 | 00427 a2200157 4500 | ||
|---|---|---|---|
| 001 | 190809 | ||
| 020 | _a978-85-61191-44-3 | ||
| 040 | _cMagnum | ||
| 100 | _aMatos, Pedro | ||
| 240 | 1 | 0 |
_aMidju di fogu - azágua e outras memórias de cabo verde _lpor |
| 245 | 1 | 0 | _aMidju di fogu - azágua e outras memórias de cabo verde |
| 300 | _a35 | ||
| 362 | 0 | _a2010 | |
| 697 | _aLITERATURA INFANTO-JUVENIL ESTRANGEIRA | ||
| 942 | _cBK | ||
| 999 |
_c190809 _d190809 |
||